Niezapomniane Jedenastki #32: Brazylia 2002 - Statystyki

Ogólne statystyki
  • Ten quiz został rozwiązany 93 razy
  • Średni wynik to 7 z 11
Statystyki odpowiedzi
Pozycja Klub Inicjały Zawodnik % Poprawnych
LO Real Madryt RC Roberto Carlos
97%
N Inter R Ronaldo
97%
LS Paris SG R Ronaldinho
94%
PS Barcelona R Rivaldo
90%
PO Roma C Cafu
80%
ŚO Leverkusen L Lucio
67%
ŚPD Atl. Mineiro GS Gilberto Silva
49%
ŚPD Lyon E Edmilson
48%
BR Palmeiras M Marcos
26%
ŚO Milan RJ Roque Junior
26%
ŚP Atl. Paranaense K Kleberson
24%
Nie znaleziono quizów pasujących do podanych kryteriów
Rozkład punktacji
Procent ludzi z każdym wynikiem
Percentyl według liczby udzielonych odpowiedzi
Twoja historia wyników
Nie rozwiązałeś tego quizu